Statistiques concernant Traduction anglais-français des éléments d'Harry Potter

Cliquez ici pour prendre le quiz!

Statistiques générales

  • Ce quiz a été pris 327 fois
  • Le résultat moyen est 14 sur 21

Statistiques - réponses

HintRéponse% Correct
HogwartsPoudlard
95%
Sorting HatChoixpeau magique
94%
Leaky CauldronChaudron Baveur
93%
HufflepuffPoufsouffle
90%
SnapeRogue
89%
FireboltEclair de Feu
88%
Daily ProphetGazette du Sorcier
87%
RavenclawSerdaigle
87%
Death EatersMangemorts
84%
Moaning MyrtleMimi Geignarde
83%
MuggleMoldu
83%
Diagon AlleyChemin de Traverse
81%
DementorDétraqueur
74%
Whomping WillowSaule Cogneur
50%
HogsmeadePré-au-lard
46%
SproutChourave
30%
ScabbersCroûtard
30%
BludgerCognard
29%
FangCrockdur
28%
HoochBibine
26%
CrookshanksPattenrond
17%

Distribution des résultats

Percentile par nombre de réponses

% des personnes avec chaque résultat

Votre développement - résultats

Vous n’avez pas pris ce quiz